Normal view
MARC view
- MACHINING AUTOMATION MACHINE TOOLS-VIBRATION MACHINE TOOLS-NUMERICAL CONTROL CNC DESIGN
Entry Topical Term
001 - CONTROL NUMBER
- control field: 80293
003 - CONTROL NUMBER IDENTIFIER
- control field: NUST
005 - DATE AND TIME OF LATEST TRANSACTION
- control field: 20210628210634.0
008 - FIXED-LENGTH DATA ELEMENTS
- fixed length control field: 210628|| aca||aabn | a|a d
040 ## - CATALOGING SOURCE
- Original cataloging agency: NUST
- Transcribing agency: NUST
150 ## - HEADING--TOPICAL TERM
- Topical term or geographic name entry element: MACHINING AUTOMATION MACHINE TOOLS-VIBRATION MACHINE TOOLS-NUMERICAL CONTROL CNC DESIGN
670 ## - SOURCE DATA FOUND
- Source citation: Work cat.: (NUST): Altintas, Yusuf 80292, Manufacturing automation metal cutting mechanics, machine tool vibration, and cnc design, 2000
